| 000 | 00000nam 2200000zi 4500 |
| 001 | 9.919776 |
| 003 | CaOODSP |
| 005 | 20250515154038 |
| 006 | m o d f |
| 007 | cr cn||||||||| |
| 008 | 230203t20232023picd o f000 0 eng d |
| 020 | |a9780660474281 |
| 040 | |aCaOODSP|beng|erda|cCaOODSP |
| 043 | |an-cn--- |
| 086 | 1 |aV32-401/2023E-PDF |
| 245 | 00|aAttitudes towards remembrance and Veterans' Week 2022 : |bsurvey of Canadians : final report / |cprepared for Veterans Affairs Canada. |
| 264 | 1|a[Charlottetown, P.E.I.] : |bVeterans Affairs Canada = Anciens combattants Canada, |c2023. |
| 264 | 4|c©2023 |
| 300 | |a1 online resource (41 pages) : |bcharts + |eexecutive summary (3 pages) |
| 336 | |atext|btxt|2rdacontent |
| 337 | |acomputer|bc|2rdamedia |
| 338 | |aonline resource|bcr|2rdacarrier |
| 500 | |aIssued also in French under title: Attitudes à l'égard de la commémoration et de la Semaine des vétérans 2022 : sondage auprès des Canadiens : rapport final. |
| 500 | |a"Supplier Name: Phoenix SPI." |
| 500 | |a"Contract Number: CW2246361." |
| 500 | |a"Registration Number: POR 074-22." |
| 650 | 0|aRemembrance Day (Canada)|xPublic opinion. |
| 650 | 0|aVeterans|zCanada|xPublic opinion. |
| 650 | 0|aPublic opinion|zCanada. |
| 710 | 1 |aCanada. |bVeterans Affairs Canada, |eissuing body. |
| 710 | 2 |aPhoenix Strategic Perspectives Inc., |eissuing body. |
| 775 | 08|tAttitudes à l'égard de la commémoration et de la Semaine des vétérans 2022 : |w(CaOODSP)9.919777 |
| 794 | |tAttitudes towards remembrance and Veterans' Week 2024 : |w(CaOODSP)9.947340 |
| 795 | |tAttitudes towards remembrance and Veterans' Week 2020 : |w(CaOODSP)9.896167 |
| 856 | 40|qPDF|s2.10 MB|uhttps://publications.gc.ca/collections/collection_2023/acc-vac/V32-401-2023-eng.pdf|z(final report) |
| 856 | 40|qPDF|s278 KB|uhttps://publications.gc.ca/collections/collection_2023/acc-vac/V32-401-2023-1-eng.pdf|z(executive summary) |
| 856 | 4 |qHTML|sN/A|uhttps://epe.bac-lac.gc.ca/100/200/301/pwgsc-tpsgc/por-ef/veterans_affairs_canada/2023/074-22-e/report.html|z(final report) |
| 856 | 4 |qHTML|sN/A|uhttps://epe.bac-lac.gc.ca/100/200/301/pwgsc-tpsgc/por-ef/veterans_affairs_canada/2023/074-22-e/summary/summary.html|z(executive summary) |